Gemeinden im Rhein-Neckar-Kreis - Statistiken

Allgemein
  • Dieses Quiz wurde 119 mal gespielt
    118 seit der letzten Aktualisierung
  • Das Durchschnittsergebnis liegt bei 22 aus 54
Antwortstatistiken
% Korrekt
Sinsheim
86%
Wiesloch
74%
Leimen
70%
Weinheim
70%
Neckargemünd
68%
Walldorf
64%
Schriesheim
61%
Schwetzingen
61%
Dossenheim
58%
St. Leon-Rot
57%
Edingen-Neckarhausen
56%
Hockenheim
56%
Ladenburg
55%
Nußloch
54%
Sandhausen
54%
Ketsch
51%
Mauer
51%
Meckesheim
51%
Eppelheim
50%
Bammental
48%
Malsch
45%
Oftersheim
45%
Heddesheim
44%
Plankstadt
44%
Schönau
44%
Ilvesheim
39%
Brühl
38%
Neulußheim
38%
Rauenberg
38%
Altlußheim
37%
Neckarbischofsheim
37%
Waibstadt
37%
Hirschberg
36%
Zuzenhausen
36%
Gaiberg
35%
Hemsbach
32%
Reilingen
32%
Eschelbronn
31%
Laudenbach
30%
Wilhelmsfeld
29%
Angelbachtal
27%
Heiligkreuzsteinach
27%
Wiesenbach
27%
Helmstadt-Bargen
26%
Neidenstein
25%
Dielheim
24%
Epfenbach
23%
Lobbach
23%
Mühlhausen
20%
Spechbach
18%
Schönbrunn
15%
Heddesbach
14%
Reichartshausen
11%
Ebersbach
7%
Keine übereinstimmenden Quizze gefunden
Verteilung der Resultate
Anzahl Personen mit jedem Resultat
Perzentil nach korrekt beantworteten Fragen
Ihre Resultats-Entwicklung
Sie haben dieses Quiz seit der letzten Aktualisierung nicht gespielt